Chelsea - prawda czy fałsz? - Statystyki

Ogólne statystyki
  • Ten quiz został rozwiązany 251 razy
    243 od ostatniego zresetowania
  • Średni wynik to 12 z 15
Statystyki odpowiedzi
Zagadnienie Odpowiedź % Poprawnych
W Chelsea gra aktualnie reprezentant Polski Fałsz
95%
Przydomkiem klubu jest ,,The Toffees" Fałsz
95%
Siedziba klubu znajduje się w Londynie Prawda
94%
Reece James jest kapitanem Prawda
93%
Frank Lampard to zawodnik który zdobył najwięcej Bramek dla klubu Prawda
92%
Właścicielem jest Roman Abramowicz Fałsz
91%
Chelsea zdobyła klubowe mistrzostwo świata Prawda
90%
Wygrała ligę mistrzów co najmniej 3 razy w XXI wieku Fałsz
86%
W klubie dalej kontrakt ma Kepa Prawda
75%
John Terry jest wychowankiem Prawda
74%
Chelsea powstała w XIX wieku Fałsz
69%
Ron Harris to zawodnik posiadający najwięcej występów dla klubu Fałsz
67%
Aktualnym trenerem Chelsea jest Mauricio Pochettino Fałsz
56%
Trenerem Chelsea był Francuz Fałsz
51%
Awansowała do europejskich pucharów w sezonie 23/24 Prawda
49%
Nie znaleziono quizów pasujących do podanych kryteriów
Rozkład punktacji
Procent ludzi z każdym wynikiem
Percentyl według liczby udzielonych odpowiedzi
Twoja historia wyników
Nie rozwiązałeś tego quizu od ostatniego zresetowania